Agricultural R and D at the crossroads (Record no. 83851)

MARC details
000 -LEADER
fixed length control field 00609nam a2200157 a 4500
008 - FIXED-LENGTH DATA ELEMENTS--GENERAL INFORMATION
fixed length control field 120416s1996 ||||||||||||||||| || u
020 ## - INTERNATIONAL STANDARD BOOK NUMBER
International Standard Book Number 9068321072
050 ## - LIBRARY OF CONGRESS CALL NUMBER
Classification number S 540 Agr
100 ## - MAIN ENTRY--PERSONAL NAME
Personal name Budelman, A
245 10 - TITLE STATEMENT
Title Agricultural R and D at the crossroads
Statement of responsibility, etc. edited by A. Budelman
246 ## -
-- merging systems research and social actor approaches
260 ## - PUBLICATION, DISTRIBUTION, ETC.
Place of publication, distribution, etc. The Netherlands
Name of publisher, distributor, etc. Royal Tropica Institute
Date of publication, distribution, etc. 1996
300 ## - PHYSICAL DESCRIPTION
Extent 247p. : ill.
350 ## -
-- 0.00
995 ## -
-- MAIN LIBRARY OPEN ACCESS
-- 0.00
-- 734973
-- CBU-MAIN LIBRARY (Kitwe)
-- 1
-- 17.50
-- S 540 Agr
-- 1
-- AVAILABLE
-- 38397
-- Main Library Open Access Collection
999 ## -
-- 83851
-- 83851
Holdings
Withdrawn status Lost status Source of classification or shelving scheme Damaged status Not for loan Permanent Location Current Location Shelving location Date acquired Total Checkouts Full call number Barcode Date last seen Copy number Price effective from Koha item type
          CBU-MAIN LIBRARY, KITWE. CBU-MAIN LIBRARY, KITWE.   01/08/2024   S 540 Agr 38397 01/08/2024 1 01/08/2024 MONOGRAPH